Química 5; aula taller /
Guardado en:
| Autor Principal: | |
|---|---|
| Formato: | Libro |
| Publicado: |
Buenos Aires :
Stella,
1992
|
| Materias: | |
| Etiquetas: |
Agregar Etiqueta
Sin Etiquetas, Sea el primero en etiquetar este registro!
|
| LEADER | 00618nam a22002175a 4500 | ||
|---|---|---|---|
| 001 | CEM.cems017076 | ||
| 005 | 20121024162258.0 | ||
| 008 | 130507s1992##################000#0#####d | ||
| 003 | CEMS | ||
| 020 | |a 9505252072 | ||
| 082 | 0 | 4 | |a 547 |
| 100 | 1 | |a Mautino, José María | |
| 245 | 1 | 0 | |a Química 5; aula taller / |c José María Mautino, |
| 260 | |a Buenos Aires : |b Stella, |c 1992 | ||
| 300 | |a 366 p. | ||
| 653 | |a Química | ||
| 653 | |a Química orgánica | ||
| 653 | |a Hidrocarburos | ||
| 653 | |a Compuestos oxigenados | ||
| 653 | |a Moléculas biológicas | ||
| 859 | |a CEMS |b BIB. CEMS - Agricultura |h 547 |i M448 |p A17880.94 |t Ej.2 |v 5 |3 5 | ||
